Microsoft Office 365 Office 2016 (Record no. 18529)

MARC details
000 -LEADER
fixed length control field 00393nam a22001577a 4500
005 - DATE AND TIME OF LATEST TRANSACTION
control field 20230525140757.0
008 - FIXED-LENGTH DATA ELEMENTS--GENERAL INFORMATION
fixed length control field 230525b |||||||| |||| 00| 0 eng d
020 ## - INTERNATIONAL STANDARD BOOK NUMBER
ISBN 9781305870017
082 ## - DEWEY DECIMAL CLASSIFICATION NUMBER
Classification number 004.45
Item number CAS-S
100 ## - MAIN ENTRY--AUTHOR
Author Name Cashman,Shelly
245 ## - TITLE STATEMENT
Title Microsoft Office 365 Office 2016
260 ## - PUBLICATION, DISTRIBUTION, ETC.
Place of Publication USA
Name of publisher, distributor, etc. Cengage Learning
Date of publication, distribution, etc. 2016
300 ## - PHYSICAL DESCRIPTION
Pages 540
650 ## - SUBJECT ADDED ENTRY--TOPICAL TERM
Subject / Department Computer Science
952 ## - LOCATION AND ITEM INFORMATION (KOHA)
-- 0
-- 0
Holdings
Lost status Damaged status Permanent Location Current Location Shelving Location Date acquired Full Call Number Accession No./Barcode Date last seen item type
    Superior Information Resource Center (SIRC) Superior University- Gold Campus Superior Information Resource Center (SIRC) Superior University- Gold Campus computer science 05/25/2023 004.45 CAS-M 2016 19217 05/25/2023 BOOK

Powered by Koha